Kanada - Quiz na mapie - Statystyki

Ogólne statystyki
  • Ten quiz został rozwiązany 14 996 razy
    14 994 od ostatniego zresetowania
  • Średni wynik to 6 z 13
Odpowiedzi na mapie
Odpowiedzi zakodowano w zielono-czerwonej skali na mapie do tego quizu, zgodnie z poniższymi procentami.
 
Statystyki odpowiedzi
Odpowiedź % Poprawnych
Quebec
66%
Nowa Fundlandia i
Labrador
54%
Ontario
53%
Wyspa Księcia Edwarda
52%
Terytoria Północno-Zachodnie
50%
Kolumbia Brytyjska
48%
Nowa Szkocja
41%
Jukon
40%
Alberta
37%
Nowy Brunszwik
37%
Nunavut
34%
Manitoba
31%
Saskatchewan
31%
Nie znaleziono quizów pasujących do podanych kryteriów
Rozkład punktacji
Procent ludzi z każdym wynikiem
Percentyl według liczby udzielonych odpowiedzi
Twoja historia wyników
Nie rozwiązałeś tego quizu od ostatniego zresetowania